000 03023cam a22012254i 4500
003 PE-LiUPU
005 20250813185431.0
008 190715s1992 nyua r 001 0 eng d
020 _a0385468474
020 _a9780385468473
035 _a(Sirsi) a252301
040 _aPE-LiUPU
_bspa
_cPE-LiUPU
_erda
049 _aPRUA
082 0 4 _a381.149092
_bW19
_221
100 1 _aWalton, Sam,
_eautor.
245 1 4 _aSam Walton :
_bmade in America; my story /
_cWalton Sam, John Huey.
264 1 _aNew York :
_bDoubleday,
_c1992.
300 _axiii, 269 páginas :
_bilustraciones ;
_c25 centímetros
336 _atext
_2rdacontent
337 _aunmediated
_2rdamedia
338 _avolume
_2rdacarrier
504 _aÍndice: páginas 263-269.
505 0 _aLearnig to value a dollar -- starting on a dime -- bouncing back -- swimming upstream -- raising a family -- recruiting the team -- takin the company public -- rolling out the formula -- building the partnership.
526 _aP202
526 _aP201
526 _aP163
526 _aP162
526 _aP161
526 _aP160
526 _aP148
526 _aP147
526 _aP146
526 _aP145
526 _aP144
526 _aP143
526 _aP142
526 _aP141
526 _aP140
526 _aP139
526 _aP138
526 _aP137
526 _aP136
526 _aP135
526 _aP134
526 _aP133
526 _aP129
526 _aP128
526 _aP127
526 _aP120
526 _aP119
526 _aP118
526 _aP116
526 _aP115
526 _aP114
526 _aP110
526 _aP109
526 _aP108
526 _aP104
526 _aP103
526 _aP102
526 _aP99
526 _aP98
526 _aP97
526 _aP96
526 _aP95
526 _aP93
526 _aP90
526 _aP89
526 _aP88
526 _aP83
526 _aP82
526 _aP62
526 _aP59
526 _aP58
526 _aP57
526 _aP51
526 _aP49
526 _aP48
526 _aP47
526 _aP29
526 _aP24
526 _aP20
526 _aP19
526 _aP17
526 _aP15
526 _aP14
526 _aP12
526 _aP10
526 _aP09
526 _aP08
526 _aP07
526 _aP06
526 _aP05
526 _aP04
526 _aP01
650 0 4 _aEmpresarios
_zEstados Unidos
_xBiografia.
650 0 4 _aMillonarios
_zEstados Unidos
_xHistoria.
700 1 _aHuey, John,
_eautor.
910 _adbm
_bksl
_cksl
_d20190715
942 _2ddc
_cBOOK
994 _aC0
_bPEPRU
596 _a1
999 _a381.149092 W19
_wLC
_c31531
_i80286
_f2021-11-5
_g3
_lCCODEBUL1
_mBUL
_p30.00
_r0
_sY
_tBOOK
_u2019-7-15
_xFCE
_PP04
_0COMPRA
_o.STAFF. Colección Ciencias Empresariales
_d31531
980 _81
_gALBERTO SANCHEZ Responsable de Automatización